| 000 | 00370 a2200133 4500 | ||
|---|---|---|---|
| 005 | 20260311155120.0 | ||
| 008 | 251223b |||||||| |||| 00| 0 eng d | ||
| 082 | _a749/CAD | ||
| 100 |
_aCAD _9217030 |
||
| 245 | _aClassic Graphic Collection Of European Style Furniture Shanghai masterindoor Design Institute | ||
| 300 |
_a320p _bPB |
||
| 500 | _aGraphics | ||
| 942 | _cDS | ||
| 999 |
_c369609 _d369609 |
||